000 00502nam a22001817a 4500
003 OSt
005 20250327105556.0
008 250326s2011 ag ||||| |||| 00| f spa d
020 _a9789870420279
040 _cbesoc
100 1 _aCortázar, Julio,
_d1914-1984
_eautor
245 1 0 _aFinal de juego /
_cJulio Cortázar
260 _aBuenos Aires :
_bAlfaguara,
_c2011
300 _a254 p.
490 0 _aBiblioteca Julio Cortázar
650 4 _aLiteratura argentina
_vCuentos
_ySiglo XX
942 _2udc
_cOG
_n0
999 _c459
_d459